Countries With A President - Sudden Death - Statistics

General Stats
  • This quiz has been taken 1,985 times
  • The average score is 6 of 17
Answers on the Grid
Answers color-coded by a green-red scale on the quiz's grid according to % correct below.
San Marino
Republic of the Congo
Peru
Belgium
Eswatini
Tajikistan
Kuwait
Burundi
Togo
Central African Republic
Tonga
Luxembourg
Qatar
Mozambique
Germany
United Kingdom
Chile
Lithuania
Grenada
North Macedonia
Japan
Andorra
Colombia
Bhutan
Denmark
Zambia
Thailand
Iceland
Somalia
Canada
Marshall Islands
Armenia
 
Answer Stats
Answer % Correct
Peru
55%
Republic of the Congo
54%
Chile
48%
Central African Republic
42%
Germany
41%
Colombia
40%
Lithuania
36%
Tajikistan
33%
Armenia
31%
Iceland
31%
Mozambique
30%
North Macedonia
30%
Togo
28%
Zambia
28%
Somalia
25%
Burundi
24%
Marshall Islands
16%
No matching quizzes found
Score Distribution
Percent of People with Each Score
Percentile by Number Answered
Your Score History
You have not taken this quiz